| 000 | 00695cam a22002531 4500 | ||
|---|---|---|---|
| 001 | 9860215 | ||
| 003 | OSt | ||
| 005 | 20230626092347.0 | ||
| 008 | 790125s1963 enk b 000 0 eng | ||
| 010 | _a 64039353 | ||
| 015 | _aGB63-8835 | ||
| 035 | _a(OCoLC)4585941 | ||
| 040 |
_aDLC _cKU _dUk _dDLC |
||
| 050 | 0 | 0 |
_aHD6664 _b.B66 |
| 082 |
_a331.8 _bBOT |
||
| 100 | 1 |
_aBottomley, Arthur, _cLord, _d1907- |
|
| 245 | 1 | 4 | _aThe use and abuse of trade unions. |
| 260 |
_a[London] _bAmpersand Books _c[1963] |
||
| 300 |
_a89 p. _c19 cm. |
||
| 504 | _aBibliographical footnotes. | ||
| 650 | 0 |
_aLabor unions _zGreat Britain. |
|
| 906 |
_a7 _bcbc _coclcrpl _du _encip _f19 _gy-gencatlg |
||
| 942 |
_2ddc _cBK |
||
| 999 |
_c2619 _d2619 |
||